Представление документа в формате RUSMARC

ПолеНазваниеЗначение
  Тип записи a
  Библиографический уровень a
001 Контрольный номер RU/CBS_UL/BASE/576866220
005 Дата корректировки 20240209175223.7
100 Данные общей обработки __
a Данные общей обработки 20180412d2018 ||| 0rusy0189 ca
101 Язык документа 0_
a Язык текста rus
102 Страна публикации __
a Страна публикации RU
105 Кодированные данные (монография) __
a Кодированные данные (монография) y###||||000|y
200 Заглавие и сведения об ответственности 1_
a Заглавие Букет отравленных лилий для королевы экрана
b Общее обозначение материала Текст
e Сведения, относящиеся к заглавию [о российской киноактрисе и звезде немого кино Вере Холодной]
f Первые сведения об ответственности М. Ситникова
300 Общие примечания __
a Общие примечания Ограничения по возрасту - 16+
461 Уровень набора _0
1 2000
a Чудеса и приключения
463 Уровень физической единицы _0
1 001RU/CBS_UL/BASE/567278079
1 2000
a № 12
v С. 38-40 : ил.
1 210
d 2017
600 Персоналии _0
a Персоналии (Фамилия) Холодная
b Персоналии (Имя, инициалы) В.В.
606 Тематические рубрики 0_
a Основная рубрика Немое кино - Россия - 19-20 вв.
606 Тематические рубрики 0_
a Основная рубрика Холодная, Вера Васильевна (1893-1919)
610 Ключевые слова 0_
a Ключевые слова кинематограф русский
a Ключевые слова кино
a Ключевые слова немое кино
a Ключевые слова актрисы русские
a Ключевые слова киноактрисы
a Ключевые слова актрисы немого кино
686 Индексы других классификаций __
a Классификационный индекс 84.374(2)
2 Код системы ББК
700 Автор _1
a Фамилия Ситникова
b Имя (инициалы) М.
801 Источник записи _0
a Страна RU
b Организация МБУК ЦБС г. Ульяновска
c Дата составления 20180412
g Правила каталогизации RCR
801 Источник записи _1
a Страна RU
b Организация МБУК ЦБС г. Ульяновска
c Дата составления 20180412
g Правила каталогизации RCR
901 Тип документа __
t Тип документа b
w Контрольный № источника RU/CBS_UL/BASE/567278079
910 Корректоры записи __
a Корректор записи Библиотека 1
938 Служебная информация __
a Имя БД period